Places To Study

There are group study rooms, individual study carrels, computer labs, and other spaces to study in the Libraries.

Reserve A Group Room

Online Resources

Access thousands of eBooks, audiobooks, and online journals from the comfort of your home.

Explore Resources

Events and Workshops

Join our upcoming events and workshops to enhance your skills and knowledge.

View Events

ထေရီအပဒါန်ဝတ္ထုတော်ကြီး / (Record no. 2708)

MARC details
000 -LEADER
fixed length control field 00997nam a22001817a 4500
003 - CONTROL NUMBER IDENTIFIER
control field OSt
005 - DATE AND TIME OF LATEST TRANSACTION
control field 20251215100922.0
008 - FIXED-LENGTH DATA ELEMENTS--GENERAL INFORMATION
fixed length control field 251215b |||||||| |||| 00| 0 eng d
040 ## - CATALOGING SOURCE
Transcribing agency DCL
082 ## - DEWEY DECIMAL CLASSIFICATION NUMBER
Classification number ၂၉၄.၃၈၂၃၅၆
100 0# - MAIN ENTRY--PERSONAL NAME
Personal name ဓမ္မဿာမီဘိဝံသ၊
Titles and words associated with a name အရှင်။
130 ## - MAIN ENTRY--UNIFORM TITLE
Uniform title တိပိဋက။
Name of part/section of a work သုတ္တန္တပိဋက။
-- ခုဒ္ဒကနိကာယ။
Title of a work ထေရီအပဒါန်၊
Language of a work ပါဠိတော်၊
Version နိဿယ။
245 1# - TITLE STATEMENT
Title ထေရီအပဒါန်ဝတ္ထုတော်ကြီး /
Statement of responsibility, etc. အရှင်ဓမ္မဿာမီဘိဝံသ။
264 ## - PRODUCTION, PUBLICATION, DISTRIBUTION, MANUFACTURE, AND COPYRIGHT NOTICE
Place of production, publication, distribution, manufacture ရန်ကုန် ၊
Name of producer, publisher, distributor, manufacturer ခင်ချိုထွန်းစာပေ၊
Date of production, publication, distribution, manufacture, or copyright notice ၂၀၁၀။
300 ## - PHYSICAL DESCRIPTION
Extent ည၊ ၅၅၃ စာမျက်နှာ ၊
Dimensions ၂၆ စင်တီ။
650 ## - SUBJECT ADDED ENTRY--TOPICAL TERM
Topical term or geographic name entry element ထေရီအပါဒါန်ဝတ္ထုတော်ကြီး။
942 ## - ADDED ENTRY ELEMENTS (KOHA)
Source of classification or shelving scheme Dewey Decimal Classification
Koha item type Short Term
Suppress in OPAC No
Holdings
Withdrawn status Lost status Source of classification or shelving scheme Damaged status Not for loan Collection Accession No. Home library Current library Shelving location Date acquired Total checkouts Full call number Barcode Date due Date last seen Date last checked out Price effective from Koha item type
    Dewey Decimal Classification     Myanmar Collection ၆၄၄ Dhammadhara Dhammadhara Myanmar Shelves 15/12/2025 1 ၂၉၄.၃၈၂၃၅၆ ဓမ် ၆၄၄ MB00000644 24/12/2025 17/12/2025 17/12/2025 15/12/2025 Short Term